| 000 | 01062nam a2200241 i 4500 | ||
|---|---|---|---|
| 001 | 8775 | ||
| 003 | KOSZ 005 | ||
| 005 | 20191012105747.0 | ||
| 008 | 071118s1968 pl a g 000 0 pol | ||
| 015 | _aPB 1968/5714 | ||
| 040 |
_aWA N _cKOSZ 005/ID _dKOSZ 005/ID |
||
| 080 | _a800:37 | ||
| 245 | 0 | 0 |
_aZ zagadnień nauczania języków obcych / _cred. Bronisław Wieczorkiewicz ; [wstęp A. Prejbisz] ; Ośrodek Metodyczny Nauczania Języków Obcych Uniwersytetu Warszawskiego. Sekcja języków angielskiego, francuskiego, niemieckiego. |
| 260 |
_aWarszawa : _bPaństwowe Zakłady Wydawnictw Szkolnych, _c1968. |
||
| 300 |
_a240, [4] s. : _bil. ; _c23 cm. |
||
| 380 | _aKsiążki. | ||
| 650 | 4 |
_aJęzyki _xnauczanie. |
|
| 700 | 1 |
_aWieczorkiewicz, Bronisław _d(1904-1974). _eRedakcja |
|
| 700 | 1 |
_aPrejbisz, Antoni _d(1909-1980). _ePrzedmowa |
|
| 710 | 2 |
_aPaństwowe Zakłady Wydawnictw Szkolnych _4pbl. |
|
| 856 |
_uhttp://koha.tu.koszalin.pl/cgi-bin/koha/opac-detail.pl?biblionumber=8775 _yKatalog online BPK |
||
| 942 |
_2UKD _cKS |
||
| 999 |
_c8775 _d8775 |
||